000 01398nam a2200325 c 4500
003 BLK
005 20230516094559.0
008 180408b bul|||||r ||||||| ||bul||
010 _aKNG00094690000
020 _a978-954-336-070-3
_bиздат.: Стигмати
040 _aBLK
041 _aBUL
_cBUL
080 _aБългарска литература
_b821.163.2
_x-1
_z821.163.2-1
100 1 _aРоканов, Борис Асенов
_eпърви автор
_9251298
700 1 _aОбрешков, Бенчо Йорданов
_d1899-1970
_9303768
139 _aРоканов, Борис Асенов
_bР 80
245 1 0 _aВеликолепни стихотворения
_cБорис Асенов Роканов; ил. Бенчо Йорданов Обрешков.
250 _a2. изд.
257 _aBGR
260 София
_bСтигмати
_c2009
_fПловдив : Нова Принт
300 _a40 с.
_bс ил.
_c22х22 см
380 _aX
500 _aДруги ил. : Б. Ангелушев, Д. Киров, Ив. Кирков, Ил. Петров, Л. Зидаров, Л. Диманов, Н. Хаджимладенов, Н. Мирчев. - 1. изд. 2009.
653 _aстихотворения
852 _aЦб 247342
856 4 _qpdf
_u
856 4 _qpdf
_u
942 _cKNG
_n0
944 _aCR
_c04.03.2010
_lф /
_kЛюдмила_Стоянова
944 _aED
_c11.02.2011
_lф /
_k
999 _c89967
_d89967